[Event "XXII OPEN INTERNACIONAL CIUTAT DE MONTCADA - Grup "]
[Site "Montcada i Reixac (Barcelona)"]
[Date "2014.07.02"]
[Round "8"]
[Board "1"]
[White "Narciso Dublan, Marc"]
[Black "Ni, Hua"]
[Result "1/2-1/2"]
[WhiteElo "2538"]
[BlackElo "2653"]
[PlyCount "118"]
[EventDate "2014.06.25"]
[EventRounds "9"]
[EventCountry "ESP"]

1. e4 c5 2. Nc3 e6 3. Nge2 Nc6 4. g3 Nf6 5. Bg2 d5 6. exd5 exd5 7. d4 cxd4 8.
Nxd4 Bg4 9. Qd3 Bc5 10. Qe3+ Ne7 11. O-O O-O 12. Qd3 h6 13. Be3 Rc8 14. Rfe1 a6
15. a3 Ng6 16. f4 Qd7 17. Nb3 Bxe3+ 18. Rxe3 Bf5 19. Qd2 Rfd8 20. Nd4 Ne4 21.
Nxe4 Bxe4 22. Rae1 f5 23. c3 Ne7 24. g4 fxg4 25. Bxe4 dxe4 26. Rxe4 Nc6 27. Qe2
Nxd4 28. Rxd4 Qf5 29. Qe4 Qf7 30. Red1 Rxd4 31. Rxd4 Rf8 32. f5 h5 33. Qd5 Kh7
34. Qxf7 Rxf7 35. Rd5 Kh6 36. c4 h4 37. c5 Kg5 38. b4 Kf4 39. a4 Re7 40. b5
axb5 41. axb5 Re1+ 42. Kf2 Rc1 43. Rd4+ Kxf5 44. Rd7 g3+ 45. hxg3 h3 46. g4+
Ke6 47. Rd6+ Ke5 48. Kg3 Rc3+ 49. Kh2 g5 50. Rd7 Kf4 51. Rd4+ Kf3 52. c6 bxc6
53. bxc6 Rxc6 54. Rd3+ Kxg4 55. Rd4+ Kf3 56. Rd3+ Ke2 57. Rg3 Rg6 58. Kxh3 Kf2
59. Kg4 Rg8 1/2-1/2

[Event "XXII OPEN INTERNACIONAL CIUTAT DE MONTCADA - Grup "]
[Site "Montcada i Reixac (Barcelona)"]
[Date "2014.07.02"]
[Round "8"]
[Board "2"]
[White "Das, Sayantan"]
[Black "Zherebukh, Yaroslav"]
[Result "0-1"]
[WhiteElo "2352"]
[BlackElo "2618"]
[PlyCount "98"]
[EventDate "2014.06.25"]
[EventRounds "9"]
[EventCountry "ESP"]

1. e4 c5 2. Nf3 Nc6 3. d4 cxd4 4. Nxd4 Qb6 5. Nb3 Nf6 6. Nc3 e6 7. Qe2 Bb4 8.
Bd2 O-O 9. a3 Be7 10. O-O-O d5 11. e5 Nd7 12. f4 a6 13. Qh5 f5 14. Bd3 d4 15.
Ne2 Nc5 16. Nxc5 Qxc5 17. g4 b5 18. Rhg1 Qd5 19. Kb1 Rf7 20. Rg3 g6 21. Rdg1
Bf8 22. Qh3 Rb8 23. Qg2 Qxg2 24. R3xg2 Bb7 25. h4 Bc5 26. gxf5 exf5 27. h5 Ne7
28. Rg5 Kh8 29. Be1 Bf3 30. hxg6 Nxg6 31. Rf1 Bg4 32. Bb4 Bxb4 33. axb4 Rd8 34.
Ng3 Ne7 35. Rg1 Rdf8 36. Rh1 Nd5 37. e6 Rg7 38. Rxf5 Bxf5 39. Nxf5 Rc7 40. e7
Re8 41. Rh4 Nxb4 42. Be4 a5 43. Rh6 Rcxe7 44. Nxe7 Rxe7 45. c3 dxc3 46. bxc3
Rxe4 47. cxb4 Rxb4+ 48. Kc2 Rxf4 49. Rh5 Rb4 0-1

[Event "XXII OPEN INTERNACIONAL CIUTAT DE MONTCADA - Grup "]
[Site "Montcada i Reixac (Barcelona)"]
[Date "2014.07.02"]
[Round "8"]
[Board "3"]
[White "Cori, Jorge"]
[Black "Gomez Garrido, Camilo Ernesto"]
[Result "1-0"]
[WhiteElo "2608"]
[BlackElo "2495"]
[PlyCount "127"]
[EventDate "2014.06.25"]
[EventRounds "9"]
[EventCountry "ESP"]

1. c4 c5 2. Nc3 Nc6 3. e3 Nf6 4. b3 g6 5. Bb2 Bg7 6. Nf3 O-O 7. Be2 d5 8. cxd5
Nxd5 9. O-O b6 10. Qb1 Bb7 11. Rd1 Nxc3 12. Bxc3 Bxc3 13. dxc3 Qc7 14. Qb2 Rad8
15. c4 Rxd1+ 16. Rxd1 Rd8 17. Rxd8+ Qxd8 18. a3 Qd6 19. h4 Nb8 20. Qd2 Qxd2 21.
Nxd2 Nd7 22. g4 f5 23. g5 e5 24. f4 Kf7 25. Kf2 a5 26. h5 Bc6 27. h6 Ke6 28.
Bd1 Nf8 29. Bc2 Kd6 30. Kg3 Bb7 31. Nb1 Bc6 32. Nc3 Ke6 33. Bd1 Kd6 34. Bc2 Ke6
35. Bd1 Kd6 36. Bf3 exf4+ 37. exf4 Bxf3 38. Kxf3 Kc6 39. Ke3 Kd6 40. Na4 Kc6
41. Nb2 b5 42. cxb5+ Kxb5 43. Nd3 c4 44. a4+ Kc6 45. bxc4 Kd6 46. Kd4 Ne6+ 47.
Kc3 Nf8 48. Ne5 Kc5 49. Kd3 Kd6 50. Kc3 Kc5 51. Nd3+ Kd6 52. c5+ Kd5 53. c6
Kxc6 54. Kd4 Nd7 55. Nb2 Nb6 56. Ke5 Kd7 57. Kf6 Nd5+ 58. Kg7 Nxf4 59. Kxh7 Ne6
60. Kxg6 f4 61. h7 Nf8+ 62. Kh6 Nxh7 63. Kxh7 f3 64. Nd3 1-0

[Event "XXII OPEN INTERNACIONAL CIUTAT DE MONTCADA - Grup "]
[Site "Montcada i Reixac (Barcelona)"]
[Date "2014.07.02"]
[Round "8"]
[Board "4"]
[White "Burmakin, Vladimir"]
[Black "Cruz, Filemon"]
[Result "1/2-1/2"]
[WhiteElo "2592"]
[BlackElo "2412"]
[PlyCount "114"]
[EventDate "2014.06.25"]
[EventRounds "9"]
[EventCountry "ESP"]

1. d4 Nf6 2. Nf3 e6 3. g3 b5 4. Bg2 Bb7 5. O-O c5 6. Na3 a6 7. c4 b4 8. Nc2 Qb6
9. dxc5 Bxc5 10. Be3 d6 11. a3 bxa3 12. b4 Bxe3 13. Nxe3 O-O 14. Qd4 Qxd4 15.
Nxd4 Bxg2 16. Kxg2 Ra7 17. Rxa3 Rb7 18. Ndc2 Rc8 19. Rd1 Ne8 20. f4 Kf8 21. Kf3
Ke7 22. g4 Rb6 23. Ra4 Rc7 24. Ke4 Nf6+ 25. Kf3 Ne8 26. Na3 Nd7 27. Nec2 g5 28.
e3 h6 29. h4 gxf4 30. exf4 h5 31. g5 Ng7 32. Ne3 Nf8 33. Nac2 Ng6 34. Kg3 Kf8
35. Rda1 Ne7 36. Rxa6 Ngf5+ 37. Kf3 Nxe3 38. Nxe3 Rxb4 39. Rxd6 Rb3 40. Kf2
Rb2+ 41. Kf1 Rh2 42. Ra8+ Kg7 43. f5 Nxf5 44. Nxf5+ exf5 45. Rdd8 f4 46. Rg8+
Kh7 47. Rgc8 Rxc8 48. Rxc8 Rxh4 49. Rc6 Kg7 50. Rh6 Rh1+ 51. Kf2 Rc1 52. Kf3
Rxc4 53. Ra6 h4 54. Rh6 h3 55. Kg4 f6 56. Rxf6 h2 57. Rh6 Rc2 1/2-1/2

[Event "XXII OPEN INTERNACIONAL CIUTAT DE MONTCADA - Grup "]
[Site "Montcada i Reixac (Barcelona)"]
[Date "2014.07.02"]
[Round "8"]
[Board "5"]
[White "Naroditsky, Daniel"]
[Black "Grigoryan, Karen H."]
[Result "1-0"]
[WhiteElo "2559"]
[BlackElo "2577"]
[PlyCount "73"]
[EventDate "2014.06.25"]
[EventRounds "9"]
[EventCountry "ESP"]

1. e4 e5 2. Nf3 Nc6 3. Bb5 Nf6 4. O-O Nxe4 5. d4 Nd6 6. Bxc6 dxc6 7. dxe5 Nf5
8. Qxd8+ Kxd8 9. Rd1+ Ke8 10. Nc3 h6 11. h3 Bd7 12. Bf4 Rc8 13. Ne4 b6 14. Re1
c5 15. g4 Ne7 16. Nf6+ gxf6 17. exf6 Be6 18. fxe7 Bxe7 19. Ne5 Bf6 20. Rad1 a6
21. b3 Rh7 22. Bg3 Rd8 23. Nd3 c4 24. bxc4 Bc3 25. Re4 c5 26. Rb1 Rd4 27. Re2
Ba5 28. Bc7 h5 29. g5 Rd7 30. Bxb6 Bxb6 31. Rxb6 Kf8 32. g6 Rh8 33. Ne5 Rd1+
34. Kh2 Kg7 35. gxf7 Bxf7 36. Rb7 Rf8 37. Re3 1-0

[Event "XXII OPEN INTERNACIONAL CIUTAT DE MONTCADA - Grup "]
[Site "Montcada i Reixac (Barcelona)"]
[Date "2014.07.02"]
[Round "8"]
[Board "6"]
[White "Ghosh, Diptayan"]
[Black "Cori T., Deysi"]
[Result "1-0"]
[WhiteElo "2487"]
[BlackElo "2414"]
[PlyCount "141"]
[EventDate "2014.06.25"]
[EventRounds "9"]
[EventCountry "ESP"]

1. d4 e6 2. c4 b6 3. Nc3 Bb7 4. a3 Nf6 5. d5 exd5 6. cxd5 Bd6 7. Nf3 Qe7 8. Bg5
h6 9. Bh4 g5 10. Bg3 Bxg3 11. hxg3 g4 12. d6 cxd6 13. Nd4 Qe5 14. Ndb5 d5 15.
Qd4 Qxd4 16. Nxd4 Nc6 17. Nf5 Kf8 18. e3 Ne7 19. Nd6 Bc6 20. Rd1 Ne8 21. Nxe8
Rxe8 22. Rh5 Kg7 23. Rd4 f5 24. Bd3 Kg6 25. Rh1 Kg5 26. f3 h5 27. Kf2 Kf6 28.
Bc2 Rc8 29. Bd3 d6 30. Rd1 Rhd8 31. Ne2 Be8 32. Rf4 Bd7 33. Nc3 Be6 34. Ba6 Rc5
35. Ra4 Ng6 36. Bb7 Ne7 37. Ba6 Ng6 38. Be2 Rd7 39. Rad4 Ne5 40. f4 Nc6 41.
R4d2 Ne7 42. Nb5 Kf7 43. Nd4 Ng8 44. Bd3 Nf6 45. Nxf5 Bxf5 46. Bxf5 Rdc7 47.
Bb1 Rc1 48. Ke2 Ke7 49. Bd3 Ke6 50. Bb1 Ke7 51. Bf5 R7c5 52. Rxc1 Rxc1 53. Rc2
Rxc2+ 54. Bxc2 a5 55. Bf5 Kd8 56. b3 Kc7 57. Be6 Kc6 58. Kd3 b5 59. Bf7 Kc5 60.
Bg6 b4 61. a4 Kc6 62. Kd4 Kd7 63. Bf7 Ne4 64. Bxh5 Nxg3 65. Bxg4+ Ke7 66. Kxd5
Nf1 67. Kd4 Ng3 68. e4 Kf6 69. Bf3 Ke7 70. Kc4 Nf1 71. Kb5 1-0

[Event "XXII OPEN INTERNACIONAL CIUTAT DE MONTCADA - Grup "]
[Site "Montcada i Reixac (Barcelona)"]
[Date "2014.07.02"]
[Round "8"]
[Board "7"]
[White "Teh, Eu Wen Aron"]
[Black "Cruz, Cristhian"]
[Result "1/2-1/2"]
[WhiteElo "2228"]
[BlackElo "2563"]
[PlyCount "104"]
[EventDate "2014.06.25"]
[EventRounds "9"]
[EventCountry "ESP"]

1. d4 e6 2. c4 Nf6 3. Nc3 Bb4 4. Qc2 c5 5. dxc5 Qc7 6. a3 Bxc5 7. b4 Be7 8. Nb5
Qc6 9. Nf3 d6 10. e4 a6 11. Nc3 O-O 12. Bd3 Qc7 13. O-O Nbd7 14. Bf4 b6 15.
Rfe1 Bb7 16. e5 dxe5 17. Nxe5 Rfd8 18. Rad1 Bd6 19. Nxd7 Rxd7 20. Bxd6 Rxd6 21.
Be2 Rad8 22. Rxd6 Rxd6 23. Rd1 Kf8 24. h3 Ke7 25. Rxd6 Qxd6 26. Qd3 g5 27. Qe3
h6 28. h4 gxh4 29. Qxh6 Qe5 30. Qe3 Qxe3 31. fxe3 Nd7 32. Kf2 f5 33. g3 hxg3+
34. Kxg3 Kf6 35. Kf2 Ke5 36. Bd3 Kd6 37. Be2 Kc7 38. Bd3 Ne5 39. Be2 a5 40. Na4
Bc6 41. Nc3 Kd6 42. Ke1 Bf3 43. Bf1 Bc6 44. Be2 Bf3 45. Bf1 Nc6 46. Na4 axb4
47. axb4 Nxb4 48. Nxb6 Bc6 49. Nc8+ Ke5 50. Ne7 Be8 51. c5 Bd7 52. Kd2 Nc6
 1/2-1/2

[Event "XXII OPEN INTERNACIONAL CIUTAT DE MONTCADA - Grup "]
[Site "Montcada i Reixac (Barcelona)"]
[Date "2014.07.02"]
[Round "8"]
[Board "8"]
[White "Vasquez Schroeder, Rodrigo"]
[Black "Escobar Forero, Alder"]
[Result "1-0"]
[WhiteElo "2551"]
[BlackElo "2445"]
[PlyCount "125"]
[EventDate "2014.06.25"]
[EventRounds "9"]
[EventCountry "ESP"]

1. d4 Nf6 2. c4 d6 3. Nf3 Nbd7 4. Nc3 e5 5. e4 Be7 6. Be2 O-O 7. O-O c6 8. Re1
a6 9. Rb1 Re8 10. Bf1 Bf8 11. d5 c5 12. a3 g6 13. Bd3 Nh5 14. g3 Bg7 15. Bg5
Bf6 16. Be3 Rf8 17. b4 b6 18. Kg2 Bg7 19. Qc2 Ra7 20. h3 Kh8 21. Rb3 h6 22. Nh2
Ndf6 23. Be2 Qd7 24. Ng4 Ng8 25. bxc5 bxc5 26. Rh1 Rc7 27. Bd2 Nhf6 28. Ne3 Nh7
29. g4 Ne7 30. Bd3 Bf6 31. h4 Rb7 32. Rxb7 Qxb7 33. f3 Ng8 34. Kg3 Bd8 35. Ne2
Nhf6 36. Nc3 Qe7 37. Ncd1 Ne8 38. h5 Ng7 39. hxg6 fxg6 40. Ng2 Qf7 41. Be2 Kh7
42. Qc1 h5 43. g5 Qe8 44. Nf2 Rf7 45. Bd1 Rb7 46. Bc2 Bd7 47. f4 exf4+ 48. Bxf4
Ba4 49. Nh4 Bxc2 50. Qxc2 Rf7 51. Nf3 Qf8 52. Nd3 Qe7 53. Qe2 Qd7 54. Nh4 Qa4
55. Bxd6 Qxa3 56. Nf3 Qc3 57. Nde5 Rb7 58. Qd3 Qxd3 59. Nxd3 Rb3 60. Nxc5 Rc3
61. Nd7 Bxg5 62. Bc5 Rd3 63. Nf8+ 1-0

[Event "XXII OPEN INTERNACIONAL CIUTAT DE MONTCADA - Grup "]
[Site "Montcada i Reixac (Barcelona)"]
[Date "2014.07.02"]
[Round "8"]
[Board "9"]
[White "Oliva Castaneda, Kevel"]
[Black "Arun Prasad, S."]
[Result "1-0"]
[WhiteElo "2427"]
[BlackElo "2472"]
[PlyCount "57"]
[EventDate "2014.06.25"]
[EventRounds "9"]
[EventCountry "ESP"]

1. Nf3 d5 2. c4 d4 3. b4 f6 4. e3 e5 5. b5 c5 6. Bd3 Bd6 7. Qc2 Ne7 8. exd4
exd4 9. O-O f5 10. Re1 O-O 11. Bf1 h6 12. d3 Qc7 13. a4 a5 14. Qb3 Kh7 15. Ra2
Ng6 16. Rae2 Nd7 17. Ba3 b6 18. Nbd2 Nf6 19. g3 Bd7 20. Bg2 Rad8 21. Rf1 Rf7
22. Nxd4 f4 23. Ne6 Bxe6 24. Rxe6 Ne5 25. d4 Qd7 26. Rxe5 Bxe5 27. dxe5 Qxd2
28. exf6 Rxf6 29. Bc1 1-0

[Event "XXII OPEN INTERNACIONAL CIUTAT DE MONTCADA - Grup "]
[Site "Montcada i Reixac (Barcelona)"]
[Date "2014.07.02"]
[Round "8"]
[Board "10"]
[White "Perpinya Rofes, Lluis Maria"]
[Black "Munoz Pantoja, Miguel"]
[Result "1/2-1/2"]
[WhiteElo "2400"]
[BlackElo "2457"]
[PlyCount "61"]
[EventDate "2014.06.25"]
[EventRounds "9"]
[EventCountry "ESP"]

1. e4 d5 2. exd5 Qxd5 3. Nc3 Qa5 4. d4 Nf6 5. Nf3 Bg4 6. h3 Bxf3 7. Qxf3 c6 8.
Bc4 e6 9. O-O Nbd7 10. Ne4 Nxe4 11. Qxe4 Nf6 12. Qf3 O-O-O 13. c3 Bd6 14. Re1
Rd7 15. Bd2 Qf5 16. Qxf5 exf5 17. Bd3 g6 18. Bh6 Nd5 19. Bf1 Rg8 20. Bg5 Kc7
21. Rad1 Bf4 22. Bxf4+ Nxf4 23. g3 Nd5 24. Bg2 Nb6 25. b3 Rgd8 26. Re5 f6 27.
Re6 c5 28. Rxf6 cxd4 29. cxd4 Rxd4 30. Rf7+ R4d7 31. Rc1+ 1/2-1/2

[Event "XXII OPEN INTERNACIONAL CIUTAT DE MONTCADA - Grup "]
[Site "Montcada i Reixac (Barcelona)"]
[Date "2014.07.02"]
[Round "8"]
[Board "11"]
[White "Panelo, Marcelo"]
[Black "Sanchez, Sebastian Felipe"]
[Result "1/2-1/2"]
[WhiteElo "2448"]
[BlackElo "2375"]
[PlyCount "150"]
[EventDate "2014.06.25"]
[EventRounds "9"]
[EventCountry "ESP"]

1. d4 Nf6 2. Nf3 e6 3. e3 b6 4. Bd3 Bb7 5. O-O c5 6. c4 Be7 7. Nc3 O-O 8. d5
exd5 9. cxd5 d6 10. e4 a6 11. a4 Nbd7 12. h3 Re8 13. Re1 Nh5 14. g4 Nhf6 15.
Bf4 Bf8 16. Bg3 g6 17. Nd2 h5 18. Nc4 hxg4 19. hxg4 Ne5 20. Nxe5 dxe5 21. Kg2
Qc8 22. Be2 Bh6 23. Rh1 Bg5 24. Bh4 Nh7 25. Bxg5 Nxg5 26. Rh6 Kg7 27. Qd2 Qd8
28. Rah1 Qf6 29. Kg3 Rad8 30. Qe3 Bc8 31. R1h2 a5 32. Bb5 Bd7 33. Bxd7 Rxd7 34.
f3 Rd6 35. Nb5 Qf4+ 36. Qxf4 exf4+ 37. Kf2 Rdd8 38. R6h4 Kf6 39. Rh1 Ke5 40.
Rh6 Rg8 41. Na7 Kd6 42. R1h5 f6 43. Rh1 c4 44. Nc6 Rdf8 45. Rc1 Rh8 46. Rch1
Nf7 47. Rh7 Rxh7 48. Rxh7 Ng5 49. Rh6 Rg8 50. Nd4 Kc5 51. Ne2 Kb4 52. Nxf4 Kxa4
53. Ke3 Kb3 54. Rh2 b5 55. Ne2 Kxb2 56. Nd4+ Ka3 57. Nxb5+ Kb4 58. Nd4 Re8 59.
Rb2+ Kc3 60. Rc2+ Kb4 61. Nc6+ Kb5 62. Rb2+ Kc5 63. Nxa5 c3 64. Rc2 f5 65. gxf5
gxf5 66. Rxc3+ Kb4 67. Rb3+ Kxa5 68. Kf4 fxe4 69. Kxg5 e3 70. Rb1 e2 71. Re1
Kb5 72. d6 Kc6 73. Kf4 Kxd6 74. Kg3 Kd5 75. Kf2 Kd4 1/2-1/2

[Event "XXII OPEN INTERNACIONAL CIUTAT DE MONTCADA - Grup "]
[Site "Montcada i Reixac (Barcelona)"]
[Date "2014.07.02"]
[Round "8"]
[Board "12"]
[White "Peralta, Fernando"]
[Black "Gemy, Jose Daniel"]
[Result "1-0"]
[WhiteElo "2596"]
[BlackElo "2330"]
[PlyCount "81"]
[EventDate "2014.06.25"]
[EventRounds "9"]
[EventCountry "ESP"]

1. d4 d5 2. c4 c6 3. Nf3 Nf6 4. Nc3 a6 5. g3 g6 6. Qb3 e6 7. Bg2 Bg7 8. O-O O-O
9. Bf4 dxc4 10. Qxc4 Nd5 11. Bg5 Qa5 12. e4 Nxc3 13. bxc3 Qb5 14. Qb3 e5 15.
Qa3 f6 16. Be3 Qc4 17. Rab1 a5 18. Rfd1 Re8 19. dxe5 Bf8 20. Nd2 Qf7 21. Qb2
fxe5 22. Bf1 Kg7 23. Nc4 Nd7 24. Nd6 Bxd6 25. Rxd6 a4 26. c4 Nf6 27. f3 a3 28.
Qc3 b5 29. Rxc6 Bb7 30. Rb6 Nxe4 31. fxe4 Bxe4 32. Bh6+ Kg8 33. Re1 b4 34. Rxb4
Rf8 35. Bxf8 Rxf8 36. Qe3 Ba8 37. Bg2 Qe7 38. Bxa8 Qxb4 39. Bd5+ Kg7 40. Qxe5+
Kh6 41. Qe3+ 1-0

[Event "XXII OPEN INTERNACIONAL CIUTAT DE MONTCADA - Grup "]
[Site "Montcada i Reixac (Barcelona)"]
[Date "2014.07.02"]
[Round "8"]
[Board "13"]
[White "Ruiz C, Joshua D"]
[Black "Movsziszian, Karen"]
[Result "0-1"]
[WhiteElo "2387"]
[BlackElo "2520"]
[PlyCount "57"]
[EventDate "2014.06.25"]
[EventRounds "9"]
[EventCountry "ESP"]

1. e4 g6 2. d4 Bg7 3. Nc3 a6 4. a4 d6 5. Nge2 Nc6 6. Be3 Nf6 7. h3 e5 8. d5 Ne7
9. a5 O-O 10. g4 c6 11. Bb6 Qe8 12. Bg2 h5 13. g5 Nh7 14. Qd2 cxd5 15. exd5 Nf5
16. h4 Bd7 17. Ne4 Rc8 18. b3 f6 19. c4 Qe7 20. O-O-O fxg5 21. hxg5 Nxg5 22.
Nxg5 Bh6 23. f4 exf4 24. Nf3 Ne3 25. Bh3 Nxc4 26. bxc4 Rxc4+ 27. Kb2 Bxh3 28.
Rxh3 Qd7 29. Ned4 0-1

[Event "XXII OPEN INTERNACIONAL CIUTAT DE MONTCADA - Grup "]
[Site "Montcada i Reixac (Barcelona)"]
[Date "2014.07.02"]
[Round "8"]
[Board "14"]
[White "Vehi Bach, Victor Manuel"]
[Black "Moreno Ruiz, Javier"]
[Result "1/2-1/2"]
[WhiteElo "2313"]
[BlackElo "2486"]
[PlyCount "104"]
[EventDate "2014.06.25"]
[EventRounds "9"]
[EventCountry "ESP"]

1. e4 d6 2. d4 Nf6 3. Nc3 e5 4. Nf3 Nbd7 5. Bc4 Be7 6. O-O O-O 7. Re1 c6 8. a4
a5 9. h3 Nb6 10. Bb3 Nfd7 11. Be3 exd4 12. Nxd4 Nc5 13. Qf3 Nxb3 14. cxb3 g6
15. Rad1 Re8 16. Bf4 Nd7 17. Nc2 Qc7 18. Qg3 Ne5 19. Be3 Bf6 20. Rd2 Be6 21.
Nd4 Nd7 22. Nxe6 Rxe6 23. Red1 Be5 24. f4 Bg7 25. f5 Be5 26. Bf4 Rf6 27. Bxe5
Nxe5 28. Ne2 Kh8 29. Rxd6 Qe7 30. Qg5 Re6 31. Qxe7 Rxe7 32. f6 Ree8 33. Kf2 h6
34. g4 Kh7 35. Ke3 g5 36. Nd4 Ra6 37. Nf3 Nxf3 38. Kxf3 Rb6 39. R1d3 Kg6 40.
Ke3 Rb4 41. R6d4 Rxd4 42. Rxd4 Kxf6 43. Rd7 Re7 44. Rd6+ Kg7 45. Kd4 f6 46. Rd8
Kg6 47. Rg8+ Kf7 48. Ra8 Rd7+ 49. Kc4 Re7 50. Kd4 Rd7+ 51. Kc4 Re7 52. Kd4 Rd7+
 1/2-1/2

[Event "XXII OPEN INTERNACIONAL CIUTAT DE MONTCADA - Grup "]
[Site "Montcada i Reixac (Barcelona)"]
[Date "2014.07.02"]
[Round "8"]
[Board "15"]
[White "Sagar, Shah"]
[Black "Cuartas, Jaime Alexander"]
[Result "1-0"]
[WhiteElo "2309"]
[BlackElo "2483"]
[PlyCount "49"]
[EventDate "2014.06.25"]
[EventRounds "9"]
[EventCountry "ESP"]

1. Nf3 d5 2. d4 Nf6 3. c4 e6 4. Bg5 c6 5. Nbd2 Nbd7 6. e3 Be7 7. Bd3 O-O 8. O-O
c5 9. Ne5 cxd4 10. exd4 dxc4 11. Ndxc4 Nd5 12. Be3 N7f6 13. Qf3 Bd7 14. Rac1
Rc8 15. Qh3 g6 16. Bh6 Re8 17. Nxf7 Kxf7 18. Ne5+ Kg8 19. Bxg6 Bf8 20. Bf7+ Kh8
21. Bxe8 Qxe8 22. Bxf8 Rxc1 23. Rxc1 Nf4 24. Qf3 N6d5 25. Bh6 1-0

[Event "XXII OPEN INTERNACIONAL CIUTAT DE MONTCADA - Grup "]
[Site "Montcada i Reixac (Barcelona)"]
[Date "2014.07.02"]
[Round "8"]
[Board "16"]
[White "Vishnu, Prasanna. V"]
[Black "Arribas Robaina, Maritza"]
[Result "1-0"]
[WhiteElo "2459"]
[BlackElo "2308"]
[PlyCount "55"]
[EventDate "2014.06.25"]
[EventRounds "9"]
[EventCountry "ESP"]

1. d4 e6 2. e4 d5 3. Nc3 Nf6 4. Bg5 dxe4 5. Nxe4 Nbd7 6. Nf3 Be7 7. Nxf6+ Nxf6
8. Bc4 c5 9. Qe2 Qa5+ 10. Bd2 Qc7 11. O-O-O O-O 12. dxc5 Bxc5 13. Bc3 a6 14.
Be5 Qe7 15. Bd3 Rd8 16. Ng5 h6 17. h4 Bd7 18. Rh3 Bc6 19. Rg3 Rxd3 20. cxd3
hxg5 21. hxg5 Nd7 22. Rh1 f6 23. g6 Qe8 24. Qh5 Kf8 25. Qh8+ Ke7 26. Qxg7+ Kd8
27. Rh8 Bf8 28. Rxf8 1-0

[Event "XXII OPEN INTERNACIONAL CIUTAT DE MONTCADA - Grup "]
[Site "Montcada i Reixac (Barcelona)"]
[Date "2014.07.02"]
[Round "8"]
[Board "17"]
[White "Fernandez Cazorla, Antonio"]
[Black "Palit, Somak"]
[Result "0-1"]
[WhiteElo "2218"]
[BlackElo "2411"]
[PlyCount "88"]
[EventDate "2014.06.25"]
[EventRounds "9"]
[EventCountry "ESP"]

1. Nf3 b6 2. g3 Bb7 3. d4 e6 4. Bg2 c5 5. c4 cxd4 6. Qxd4 Nf6 7. O-O Bc5 8. Qf4
O-O 9. Nc3 Qe7 10. e4 d5 11. exd5 exd5 12. cxd5 Nxd5 13. Nxd5 Bxd5 14. Re1 Qb7
15. Bd2 Nc6 16. Bc3 Ne7 17. b4 Ng6 18. Qg4 f5 19. Qh5 Be7 20. Rad1 Be4 21. Ng5
Bxg5 22. Bxe4 fxe4 23. Qxg5 Rac8 24. Re3 Rc4 25. Rd8 Qf7 26. Rxf8+ Nxf8 27. h4
h6 28. Qg4 Ng6 29. Kg2 Ne7 30. Be1 Nf5 31. Rc3 Rd4 32. Rc8+ Kh7 33. Bc3 Qd7 34.
Qe2 Qxc8 35. Bxd4 Qc6 36. Be3 b5 37. Kh3 a6 38. g4 Ne7 39. Kg3 Ng6 40. h5 Ne5
41. Bc5 Qd5 42. Kf4 Nd3+ 43. Kg3 Qe5+ 44. Kh4 Qh2# 0-1

[Event "XXII OPEN INTERNACIONAL CIUTAT DE MONTCADA - Grup "]
[Site "Montcada i Reixac (Barcelona)"]
[Date "2014.07.02"]
[Round "8"]
[Board "18"]
[White "Martinez Romero, Martin"]
[Black "Orteu Capdevila, Max"]
[Result "1-0"]
[WhiteElo "2401"]
[BlackElo "1808"]
[PlyCount "39"]
[EventDate "2014.06.25"]
[EventRounds "9"]
[EventCountry "ESP"]

1. e4 c5 2. Nf3 e6 3. d4 cxd4 4. Nxd4 Nc6 5. Nxc6 bxc6 6. Bd3 d5 7. O-O Nf6 8.
Qe2 Be7 9. c4 O-O 10. Nd2 Bb7 11. b3 c5 12. cxd5 exd5 13. e5 Nd7 14. Nf3 Re8
15. e6 fxe6 16. Qxe6+ Kh8 17. Qh3 Nf8 18. Ne5 Bc8 19. Qh5 Kg8 20. Bxh7+ 1-0

[Event "XXII OPEN INTERNACIONAL CIUTAT DE MONTCADA - Grup "]
[Site "Montcada i Reixac (Barcelona)"]
[Date "2014.07.02"]
[Round "8"]
[Board "19"]
[White "Mokal, Amruta Sunil"]
[Black "Sanchez Enriquez, Oscar Gerard"]
[Result "0-1"]
[WhiteElo "2046"]
[BlackElo "2401"]
[PlyCount "52"]
[EventDate "2014.06.25"]
[EventRounds "9"]
[EventCountry "ESP"]

1. e4 c5 2. Nf3 e6 3. d4 cxd4 4. Nxd4 a6 5. Nc3 Qc7 6. g3 Bb4 7. Bd2 Nf6 8. Bg2
Nc6 9. Nxc6 dxc6 10. O-O Be7 11. Be3 e5 12. Na4 Nd7 13. Bh3 Nc5 14. Bxc5 Bxh3
15. Bb6 Qc8 16. Re1 O-O 17. Qh5 f6 18. Qe2 f5 19. exf5 Rxf5 20. Qc4+ Kh8 21.
Rad1 Rf4 22. Qb3 Qg4 23. c4 Raf8 24. Rxe5 c5 25. Rxe7 Rxf2 26. Ree1 Qe4 0-1

[Event "XXII OPEN INTERNACIONAL CIUTAT DE MONTCADA - Grup "]
[Site "Montcada i Reixac (Barcelona)"]
[Date "2014.07.02"]
[Round "8"]
[Board "20"]
[White "Aroshidze, Levan"]
[Black "Aryan, Chopra"]
[Result "1-0"]
[WhiteElo "2565"]
[BlackElo "2242"]
[PlyCount "101"]
[EventDate "2014.06.25"]
[EventRounds "9"]
[EventCountry "ESP"]

1. e4 c5 2. Nf3 d6 3. d4 cxd4 4. Nxd4 Nf6 5. Nc3 a6 6. Be3 e5 7. Nb3 Be7 8. f3
Be6 9. Qd2 O-O 10. O-O-O a5 11. a4 Nc6 12. g4 Nb4 13. Kb1 Rc8 14. g5 Nh5 15.
Rg1 g6 16. Bb5 Qc7 17. Qf2 Bd8 18. f4 exf4 19. Bxf4 Nxf4 20. Qxf4 Be7 21. Nd4
Qc5 22. Nxe6 fxe6 23. Qg4 Qe5 24. Bd7 Rc5 25. Qxe6+ Kh8 26. h4 Qh2 27. Rc1 Re5
28. Qh3 Qxh3 29. Bxh3 Rf4 30. Bg4 h5 31. gxh6 Bxh4 32. Bc8 Kh7 33. Bxb7 g5 34.
Rcd1 Bf2 35. Rg2 Bc5 36. Nb5 Rf7 37. Bc8 Rxe4 38. Rxg5 Ref4 39. Rg7+ Rxg7 40.
hxg7 Rf6 41. Bb7 Rf7 42. Be4+ Kxg7 43. c3 Na6 44. Nxd6 Rf4 45. Bc2 Nc7 46. Ne4
Bb6 47. Rd6 Na8 48. Rc6 Rf7 49. Nd6 Rd7 50. Nc4 Rc7 51. Rg6+ 1-0